000 00819nam a22002777a 4500
001 BR7601503
003 BR-BrBNA
005 20230928084927.0
007 ta
008 230509b bl.||||| |||| 00| 0 por d
040 _aBR-BrBNA
_bpor
_cBiblioteca Nacional de Agricultura
041 _a(Por)
072 _aE30; D10
_b/G514
090 _ E30 BR7601503
110 1 _aSubsecretaria de Planejamento e Orcamento, Brasilia, DF (Brasil)
245 1 _aSistema Nacional de Planejamento Agricola [Brasil]
260 3 _aBrasilia, DF (Brasil):
_c1976.
300 _a15 p.
650 _aPLANEJAMENTO AGRICOLA
650 _aDESENVOLVIMENTO AGRICOLA
650 _aPOLITICA AGRICOLA
650 _aMODERNIZACAO ADMINISTRATIVA
650 _aREFORMA ADMINISTRATIVA
909 _a202309
_bLucia
_c55
_dLucia Elande
942 _cBK
999 _c21920
_d21920